Első mulatság
Pozvánka na spoločenskú zábavu spojenú s ochotníckym predstavením, ktoré usporiada Humenský dobročinný ženský spolok dňa 5.01.1907. Podujatie sa uskutoční vo všetkých miestnostiach hotela Stefania. Text pozvánky.
| Format: | Article |
|---|---|
| Language: | Hungarian |
| Subjects: | |
| Source: |
1. Homonna és Vidéke : Vegyes tartalmu közmüvelődési, szépirodalmi és közgazdasági hetilap 1. Roč. 7, č. 52 (26.12.1907) s. 2 |
| LEADER | 01094nab#a2200301#ar4500 | ||
|---|---|---|---|
| 001 | 000073554 | ||
| 003 | SVKKK | ||
| 005 | 19970929xxxxxxx. | ||
| 008 | 06 c xo huno | ||
| FMT | |||
| 038 | |a SVKKK | ||
| 040 | |a SVKKK |b slo |e AACR2 | ||
| 041 | 0 | |a hun | |
| 044 | |a xo |c SK | ||
| 080 | |a 061.2:396:792.077 | ||
| 242 | 1 | 0 | |a Prvá zábava |
| 245 | 0 | 0 | |a Első mulatság |
| 500 | |a mikrofilm | ||
| 520 | 2 | |a Pozvánka na spoločenskú zábavu spojenú s ochotníckym predstavením, ktoré usporiada Humenský dobročinný ženský spolok dňa 5.01.1907. Podujatie sa uskutoční vo všetkých miestnostiach hotela Stefania. Text pozvánky. | |
| 650 | 0 | 4 | |a zábava spoločenská - predstavenie ochotnícke - Humenský dobročinný ženský spolok (organizátor) - Humenné - 5.01.1907 - pozvánka - texty |
| 773 | 0 | |t Homonna és Vidéke : Vegyes tartalmu közmüvelődési, szépirodalmi és közgazdasági hetilap |g Roč. 7, č. 52 (26.12.1907) s. 2 | |
| 957 | |a Humenné | ||
| 958 | |a DG | ||
| 958 | |a SK | ||
| 974 | |a Ba |d 19970929 | ||
| 992 | |a RBX | ||
| BAS | |||
| 998 | |a RETRO | ||